000 00663nam a2200217Ia 4500
003 GCL
008 140319s9999 xx 000 0 ara d
040 _aGCL /
_cGCL
082 0 4 _a922.1
_bش ط
100 1 _aالشعرانى , ابوالمواهب عبدالو
245 1 0 _aالطبقات الصغرى /
_cالشعرانى , ابوالمواهب عبدالو
700 1 _aعبدالقادر احمد عطا
260 _a[S.N] :
_bمكتبة القاهرة ،
_c1970
300 _a148 ص
490 _a
650 0 4 _aالعلماء
650 0 4 _aالاسلام
650 0 4 _aالتاريخ
650 0 4 _aعلماء الاسلام
942 _2ddc
_cBK
999 _c59053
_d59053